=LDR 00000nam 2200000 4500 =001 INLIS000000000037895 =005 20140710121552.0 =006 =007 =008 Ind =035 ##$$a 0010-061300000037895 =041 ##$$a Ind =082 ##$$a 641.8 =090 ##$$a 641.8, Ani a =245 ##$$a Aneka bolu kukus irit telur, Dapur Anisa ; editor, Intarina Hardiman =260 ##$$a 2011 $b Jakarta =300 ##$$a 46 hlm, ilus, 25 cm =650 ##$$a Kue (bolu kukus)-resep =850 ##$$a NBPNMAT